000052037 001__ 52037
000052037 005__ 20240207151338.0
000052037 037__ $$aGSI-SR2012-PHN-ENNA-EXP-04
000052037 041__ $$aEnglish
000052037 0881_ $$aGSI Report 2013-1
000052037 088__ $$2GSI$$aGSI Report 2013-1
000052037 1001_ $$0P:(DE-HGF)0$$aKalaninova, Z.$$b0
000052037 245__ $$aAlpha decay of $^{197-199}$Fr
000052037 260__ $$aDarmstadt$$bGSI Helmholtzzentrum für Schwerionenforschung$$c2013
000052037 29510 $$aScientific Report 2012
000052037 300__ $$a134 p.
000052037 3367_ $$0PUB:(DE-HGF)7$$2PUB:(DE-HGF)$$aContribution to a book$$bcontb$$mcontb$$s1369760803_13513
000052037 3367_ $$2DRIVER$$abookPart
000052037 3367_ $$2BibTeX$$aINBOOK
000052037 3367_ $$07$$2EndNote$$aBook Section
000052037 3367_ $$0PUB:(DE-HGF)15$$2PUB:(DE-HGF)$$aInternal Report$$mintrep
000052037 4900_ $$aGSI Report$$v2013-1$$x0171-4546
000052037 4900_ $$aGSI Scientific Report$$v2012$$x0174-0814
000052037 500__ $$aExperiment : U245
000052037 536__ $$0G:(DE-HGF)POF2-533$$a533 - Exotic Nuclei and Nuclear Astrophysics (ENNA) (POF2-533)$$cPOF2-533$$fPOF II$$x0
000052037 536__ $$0G:(DE-Ds200)EXP:GSI-EXP-U245-ohneJahr$$aGSI-EXP-U245-ohneJahr - Identification and systematic studies of the electron-capture delayed fission (ECDF) in the lead region (EXP:GSI-EXP-U245-ohneJahr)$$cEXP:GSI-EXP-U245-ohneJahr$$x1
000052037 7001_ $$0P:(DE-HGF)0$$aAndreyev, A. N.$$b1
000052037 7001_ $$0P:(DE-HGF)0$$aAntalic, S.$$b2
000052037 7001_ $$0P:(DE-Ds200)OR0469$$aHessberger, Fritz-Peter$$b3
000052037 7001_ $$0P:(DE-Ds200)OR0004$$aAckermann, D.$$b4
000052037 7001_ $$0P:(DE-HGF)0$$aAndel, B.$$b5
000052037 7001_ $$0P:(DE-HGF)0$$aDrummond, M. C.$$b6
000052037 7001_ $$0P:(DE-Ds200)OR0487$$aHofmann, S.$$b7
000052037 7001_ $$0P:(DE-HGF)0$$aHuyse, M.$$b8
000052037 7001_ $$0P:(DE-Ds200)OR0575$$aKindler, B.$$b9
000052037 7001_ $$0P:(DE-HGF)0$$aLane, J. F. W.$$b10
000052037 7001_ $$0P:(DE-HGF)0$$aLiberati, V.$$b11
000052037 7001_ $$0P:(DE-Ds200)OR0740$$aLommel, B.$$b12
000052037 7001_ $$0P:(DE-HGF)0$$aPage, R. D.$$b13
000052037 7001_ $$0P:(DE-HGF)0$$aRapisarda, E.$$b14
000052037 7001_ $$0P:(DE-HGF)0$$aSandhu, K.$$b15
000052037 7001_ $$0P:(DE-HGF)0$$aSaro, S.$$b16
000052037 7001_ $$0P:(DE-HGF)0$$aThornthwaite, A.$$b17
000052037 7001_ $$0P:(DE-HGF)0$$aVan Duppen, P.$$b18
000052037 8564_ $$ySR2012-PHN-ENNA-EXP-04
000052037 8564_ $$uhttps://repository.gsi.de/record/52037/files/PHN-ENNA-EXP-04.pdf$$yOpenAccess
000052037 909CO $$ooai:repository.gsi.de:52037$$pdnbdelivery$$pdriver$$pVDB$$popen_access$$popenaire$$qec_fundedresources
000052037 915__ $$0StatID:(DE-HGF)0510$$2StatID$$aOpenAccess
000052037 9141_ $$y2013
000052037 9101_ $$0I:(DE-Ds200)20121206GSI$$6P:(DE-Ds200)OR0469$$aGSI Helmholtzzentrum für Schwerionenforschung GmbH$$b3$$kGSI
000052037 9101_ $$0I:(DE-Ds200)20121206GSI$$6P:(DE-Ds200)OR0004$$aGSI Helmholtzzentrum für Schwerionenforschung GmbH$$b4$$kGSI
000052037 9101_ $$0I:(DE-Ds200)20121206GSI$$6P:(DE-Ds200)OR0487$$aGSI Helmholtzzentrum für Schwerionenforschung GmbH$$b7$$kGSI
000052037 9101_ $$0I:(DE-Ds200)20121206GSI$$6P:(DE-Ds200)OR0575$$aGSI Helmholtzzentrum für Schwerionenforschung GmbH$$b9$$kGSI
000052037 9101_ $$0I:(DE-Ds200)20121206GSI$$6P:(DE-Ds200)OR0740$$aGSI Helmholtzzentrum für Schwerionenforschung GmbH$$b12$$kGSI
000052037 9131_ $$0G:(DE-HGF)POF2-533$$1G:(DE-HGF)POF2-530$$2G:(DE-HGF)POF2-500$$3G:(DE-HGF)POF2$$4G:(DE-HGF)POF$$aDE-HGF$$bStruktur der Materie$$lPhysik der Hadronen und Kerne$$vExotic Nuclei and Nuclear Astrophysics (ENNA)$$x0
000052037 920__ $$lyes
000052037 9201_ $$0I:(DE-Ds200)BUD-20051214OR030$$kBUD$$lBibliothek & Dokumentation$$x0
000052037 9201_ $$0I:(DE-Ds200)SHP-20080822OR107$$kSHP$$lSHE Physik$$x1
000052037 9201_ $$0I:(DE-Ds200)TTL-20051214OR041$$kTTL$$lTargetlabor$$x2
000052037 970__ $$aGSI-SR2012-PHN-ENNA-EXP-04
000052037 9801_ $$aGSI Scientific Report 2012
000052037 9801_ $$aGSI Scientific Report
000052037 9801_ $$aGSI Report 2013-1
000052037 9801_ $$aGSI Report
000052037 9801_ $$aFullTexts
000052037 9801_ $$aGSIasPublisher
000052037 980__ $$acontb
000052037 980__ $$aVDB
000052037 980__ $$aGSI Scientific Report 2012
000052037 980__ $$aGSI Scientific Report
000052037 980__ $$aGSI Report
000052037 980__ $$aGSI Report 2013
000052037 980__ $$aGSIasPublisher
000052037 980__ $$aUNRESTRICTED
000052037 980__ $$aintrep
000052037 980__ $$aI:(DE-Ds200)20120319OR030
000052037 980__ $$aI:(DE-Ds200)BUD-20051214OR030
000052037 980__ $$aI:(DE-Ds200)20110830OR107
000052037 980__ $$aI:(DE-Ds200)SHP-20080822OR107
000052037 980__ $$aI:(DE-Ds200)20121002OR041
000052037 980__ $$aI:(DE-Ds200)TTL-20051214OR041
000052037 980__ $$aFullTexts